Vplyv ochranných kozmetických výrobkov na dermálnu absorpciu pesticídov pri manipulácii neprofesionálnymi záhradkármi diplomová práca

Gespeichert in:
Bibliographische Detailangaben
1. Verfasser: Melegová, Linda
Format: Buch
Sprache:Slowakisch
Veröffentlicht: Bratislava STU FCHPT 2017
Online-Zugang:Im OPAC anzeigen
Tags: Tag hinzufügen
Keine Tags, Fügen Sie das erste Tag hinzu!

MARC

LEADER 00000nam a2200000 a 4500
005 20260127134002.0
008 170711 2017 xo 001 0 slo d
035 |a vtls011701756 
039 9 |y 201707111031  |z mschk03 
040 |a STUSCHK1  |b slo  |c STUSCHK1  |e AACR2 
100 1 |a Melegová, Linda 
245 1 |a Vplyv ochranných kozmetických výrobkov na dermálnu absorpciu pesticídov pri manipulácii neprofesionálnymi záhradkármi  |b diplomová práca  |c Linda Melegová 
260 |a Bratislava  |b STU FCHPT  |c 2017 
300 |a 75 s.  |b il.  |c 25 cm 
500 |a Študijný program: potraviny, hygiena, kozmetika 
500 |a Študijný odbor: potravinárstvo 
500 |a Školiace pracovisko: Ústav potravinárstva a výživy 
500 |a Evid. číslo: FCHPT-5457-61498 
910 |a SCHK95 
999 |c 1513  |d 1513